000 01279nam a2200361 c 4500
999 _c177894
_d177894
003 BLK
005 20230223102435.0
008 180411b bul|||||r ||||||| ||bul||
010 _aKNG00186591000
020 _a978-619-7265-01-9
040 _aBLK
041 _aBUL
_cBUL
072 7 _2bullib
_aЯ
_xАвтографи
072 7 _2bullib
_aН8400
_xБългарска поезия Н
072 7 _2bullib
_aРА
_xРусенски автори
080 _aБългарска литература
_b821.163.2
_x-1
_z821.163.2-1
100 1 _aАбаджиева, Магдалена
_eпърви автор
_9341193
139 _aАбаджиева, Магдалена
_bА 12
245 1 0 _aМежду две секунди
_bСтихотворения
_cМагдалена Абаджиева.
257 _aBGR
260 _bСимолини 94
_c2015
300 _a82 с.
_c20 см
380 _aX
500 _aСъдържа и за авт.
653 _aстихотворения
659 _aН
659 _aЯ
852 _aЦб 279598
856 4 _qpdf
_i0.00
_ldisable
856 4 _qpdf
_i0.00
_ldisable
942 _cKNG
_n0
_s1
944 _aCR
_c18.02.2016
_lф /
_kВиолета_Тройчева
944 _aED
_c16.06.2016
_lф /
_kПенка_Димитрова
999 _d177894
999 _d177894